| 000 | 00397nam a2200169Ia 4500 | ||
|---|---|---|---|
| 003 | OSt | ||
| 005 | 20240202163517.0 | ||
| 008 | 170619s9999 xx 000 0 und d | ||
| 020 | _a9788120322578 | ||
| 040 | _cIIMT ENGINEERING COLLEGE | ||
| 100 | _aRabacy jan M | ||
| 245 | 0 | _aDigital integrated Circuits | |
| 260 | _bNew Delhi: PHI | ||
| 260 | _c2003 | ||
| 546 | _aENGLISH | ||
| 942 |
_2ddc _c02 |
||
| 999 |
_c16701 _d16701 |
||